Les Meilleurs buteurs de le Championnat d'Italie 2023-2024 - Statistiques

Statistiques générales
  • Ce quiz a été pris 24 fois
  • Le résultat moyen est 8 sur 10
Statistiques - réponses
Buts Nationalité Club Joueur % Correct
13 Belgique AS Rome Romelu Lukaku
95%
24 Argentine Inter Milan Lautaro Martínez
91%
13 France Inter Milan Marcus Thuram
91%
15 France AC Milan Olivier Giroud
91%
13 Argentine AS Rome Paulo Dybala
91%
15 Nigeria SSC Naples Victor Osimhen
91%
16 Serbie Juventus FC Dušan Vlahović
86%
13 Colombie Atalanta Bergame / Torino FC Duván Zapata
59%
13 Turquie Inter Milan Hakan Çalhanoğlu
55%
14 Islande Genoa CFC Albert Guðmundsson
18%
Aucun quiz correspondant
Distribution des résultats
% des personnes avec chaque résultat
Percentile par nombre de réponses
Votre historique - résultats
Vous n’avez pas pris ce quiz